000 00883nam a2200301Ia 4500
001 60261
003 IT-RoPAU
008 130308s9999 xx 000 0 und d
040 _aIT-RoPAU
040 _cIT-RoPAU
041 _aITALIANO
100 _aBarbiani Laura
100 _gCodice Aut. SPICS: 12386
245 _aCoazione del senso e dello sguardo
245 _bPornograffiti-Trame e figure del Fumetto Italiano per Adulti
250 _a1a ed.
260 _aROMA
260 _bNapoleone
260 _c1980 [1° Ed.:1980 - Ed.Ling.Originale:1980]
300 _a"68 p. (prefazione: no ; testo: 68 [pagine: 9-76])"
500 _aMacabro e Horror Fumetto pornografico Jacula Vipera Bionda Bonnie Ragna e Tarantola Maschere
650 _aSAGGI DI SOCIOLOGIA
650 _eCodice materia Spics: 3657
942 _cBK
957 _71
999 _c42812
_d42812
999 _bSI
999 _g2